Vista normal
Vista MARC
Entrada Nombre de reunión
Número de registros utilizados en: 1
001 - NÚMERO DE CONTROL
- campo de control: 79002
003 - IDENTIFICADOR DEL NÚMERO DE CONTROL
- campo de control: DO-SdBNP
005 - FECHA Y HORA DE LA ÚLTIMA TRANSACCIÓN
- campo de control: 20210625104213.0
008 - DATOS DE LONGITUD FIJA
- campo de control de longitud fija: 210625|| aca||aabn | a|a d
040 ## - FUENTE DE LA CATALOGACIÓN
- Centro catalogador/agencia de origen: DO-SdBNP
- Centro/agencia transcriptor: DO-SdBNP
111 ## - ENCABEZAMIENTO--NOMBRE DE CONGRESO/REUNIÓN
- Nombre de congreso/reunión o jurisdicción como elemento de entrada: Congreso de la Rama Latinoamericana de la Asociación Internacional para el Estudio de la Música Popular
- Número del congreso/reunión o número de parte o sección: 13. :
- Fecha del congreso/reunión: 2018 :
- Sede del congreso/Lugar de la reunión: San Juan, Puerto Rico)
670 ## - FUENTE DE DATOS ENCONTRADOS
- Cita de la fuente: Work cat.: (DO-SdBNP): Congreso de la Rama Latinoamericana de la Asociación Internacional para el Estudio de la Música Popular 13. : 2018 : San Juan, Puerto Rico), Del archivo a la playlist : historias, nostalgias, tecnologías , actas = , 2021
